000 00797 a2200181 4500
003 Nust
005 20221028092212.0
020 _a0078811775
040 _cNust
082 _a006.6,KAT
100 _aKater ,David A
_9101592
245 _aMacintosh Graphics and Sound
_bProgramming in Microsoft Basic /
_cDavid A Kater
260 _acalfornia
_bMcGraw Hill
_c1986:
300 _a276:P
505 _aMacintosh Graphics (Page-1), Printing and Plotting (Page-13), Drawing Basic Shapes and Patterns (Page-51), Interactive Graphics (Page-93), Sound (Page-137), Transferring Images (Page-167), Animation Techniques (Page-199), Manipulating Displays and Viewing Objects (Page-223), Designing Efficient Programs (Page-259).
650 _aProgramming in Microsoft
_9101593
942 _2ddc
_cBK
_k006.6,KAT
999 _c180030
_d180030